000 01182nam1a22002651i 4500
001 rc\2991054
005 20240724002126.0
035 _a(NLR Aleph) 007135161
090 _a6999298
_c6999298
100 _a20110915d1941 |||y0rusy50 ca
101 0 _arus
102 _aRU
105 _ay z |||||
200 1 _aАтлас типовых проектов гидротехнических сооружений на ирригационной сети
_eВып. 1-2
_fНКЗ. СССР. Гл. упр. ирригационно-мелиоративного строительства. Главводстрой
205 _a1-е изд.
210 _aЛенинград
_cБ. и.
_d[1941]
_gтип. артели "Сов. печатник"
215 _d38 см
300 _aВ предисл.: В разработке ... принимали участие инж. Гейликман Е.И., Давиденков Р.Н., Лихов К.С. [и др.]
702 1 _aГейликман
_bЕ.И.
_4570
702 1 _aДавиденков
_bР.Н.
_4570
702 1 _aЛихов
_bК.С.
_4570
801 0 _aRU
_bNLR
_gpsbo
801 1 _aRU
_bELAR
_2rusmarc
852 _aNLR
_jТ24 Г-9/2
942 _cBOOK